000 00316nam a22001457a 4500
008 230913b ||||| |||| 00| 0 eng d
020 _a0684174847
041 _aeng
080 _a521
082 _a521CHA
100 _a19
101 _aASTRO
245 _aPLANETS OF ROCK AND ICE
_cCHAPMAN R.C
942 _2udc
_cBK
999 _c60359
_d60359